Tekst piosenki "Na co komu dziś" - Statystyki

Ogólne statystyki
  • Ten quiz został rozwiązany 36 razy
  • Średni wynik to 27 z 32
Statystyki odpowiedzi
Tekst: Brakujące Słowa: % Poprawnych
Na co ... dziś Komu
100%
Kiwnęła ... zgadzając się Głową
97%
Po co dalej ... to samo piwo Pić
97%
Po co dalej ... to samo piwo Pić
97%
Po co dalej ... to samo piwo Pić
97%
Na co komu dziś wczorajszy ... Sen
97%
Na co komu dziś wczorajszy ... Sen
97%
Na co komu dziś wczorajszy ... Sen
97%
Topiłem ... w butelce wódki Smutki
97%
Stała pod ścianą sącząc ... Kakao
94%
Na co komu dziś wczorajsza ... Miłość
94%
Na co komu dziś wczorajsza ... Miłość
94%
Na co komu dziś wczorajsza ... Miłość
94%
Pytam żółtego: "Powiedz ... Dlaczego
91%
Wczorajszy ... Dzień
91%
Trzeba zawsze ... Żyć
91%
... namiętna, bardzo nieletnia Była
89%
Kiedy czujesz, że ... gaz Uleciał
89%
Kiedy czujesz, że ... gaz Uleciał
89%
Kiedy czujesz, że ... gaz Uleciał
89%
Chciałem być sobą za wielką ... Wodą
89%
I dobrze znała ... sens Refrenu
83%
... skromnie: "Czy pójdziesz do mnie?" Spytałem
83%
Kapela cięła ... na sześć Walca
80%
Obok Japończyk do ... pił Lustra
77%
Taką ze ... lat Szkolnych
77%
Na czekoladę ... chęć Poczułem
74%
Spotkałem ... Narzeczoną
71%
By ... naszych ciał rozgrzała jakaś iskra Taniec
63%
... chwilą Biegnącą
60%
Próbowaliśmy ... Mocno
57%
... jesteś smutny?" On na to mi Też
46%
Nie znaleziono quizów pasujących do podanych kryteriów
Rozkład punktacji
Procent ludzi z każdym wynikiem
Percentyl według liczby udzielonych odpowiedzi
Twoja historia wyników
Nie rozwiązałeś tego quizu